| 000 | 00460nam a2200181Ia 4500 | ||
|---|---|---|---|
| 001 | 20101 | ||
| 005 | 20260306172741.0 | ||
| 008 | 260306t2005||||xx |||||||||||||| ||spa|| | ||
| 041 | _aESP | ||
| 082 |
_a346.211 _bP45 |
||
| 100 |
_aPérez Luño, Antonio Enrique _eAUT |
||
| 245 | 0 | _aDerechos humanos, Estado de derecho y constitución | |
| 260 | _c2005 | ||
| 300 |
_a659 páginas : _c24 cm. |
||
| 650 | _aGEN | ||
| 654 | _aCDE | ||
| 942 |
_cLIB _dJUS _fJUS _2ddc _n |
||
| 999 |
_c20101 _d20101 |
||